000 01010nam a22003257a 4500
001 BR2012001098
003 BR-BrBNA
005 20230928103854.0
007 ta
008 230509b bl.||||| |||| 00| 0 por d
040 _aBR-BrBNA
_bpor
_cBiblioteca Nacional de Agricultura
041 _a(Por)
072 _aE50
090 _ E50 BR2012001098
100 1 _aMaia-Pinto, R.R. (org.)
110 1 _aUniversidade Federal do Tocantins, Palmas, TO (Brasil)
_911192
110 1 _aFundação Nacional de Desenvolvimento da Educação, Palmas, TO (Brasil)
245 1 _aTransporte escolar rural aquaviário na Amazônia: desafios e perspectivas
260 3 _aPalmas, TO (Brasil):
_c2011.
300 _a272 p.
500 _aBibliography p. 221-225.; 275 illus.; 40 graphs.; 65 tables
650 _aTRANSPORTE FLUVIAL
650 _aAMAZÔNIA
650 _aEDUCAÇÃO
650 _aEXTENSÃO RURAL
650 _aBARCO
650 _aPESQUISA
909 _a202309
_bLucia
_c55
_dLucia Elande
942 _cBK
999 _c77020
_d77020